000
00328nam a22001337a 4500
008
170620b xxu||||| |||| 00| 0 eng d
020
_a
0030218213
041
_a
eng
080
_a
338
100
_a
20
101
_a
SHP
245
_a
THE MAKING UNITED STATES INTERNATIONAL ECONOMIC POLICY
_c
COHEN.S.D
942
_2
udc
_c
BK
999
_c
18345
_d
18345